000 01821nam a2200241Ia 4500
003 Ost
005 20260507074921.0
008 260507s9999||||xx |||||||||||||| ||und||
020 _a9960529096
040 _cfsecg
041 _aara
082 _a371.2
100 _aالدعيلج، بن عبد العزيز ابراهيم
_eمؤلف
245 0 _aأسس الادارة العامة والإدارة التربوية في المملكة العربية السعودية /
_c بن عبد العزيز ابراهيم الدعيلج
260 _aعمان:
_bمكتبة المجتمع العربي للنشر والتوزيع,
_c2006
300 _a285 صفحة؛
_bإيضاحات ؛
_c25 سم
504 _aببليوغرافيا : ص.271
520 _aالادارة العامة والادارة التربوية: المفهوم والمهارات والأساليب الادارية والسلوكية، الادارة والقيادة التربوية، الادارة في العصور القديمة والادارة المدرسية والخطة الدراسية، الادارة التربوية في العصور القديمة وعصر الاسلام: الادارة المدرسية والخطة المدرسية، التخطيط والاشراف التربوي واتخاذ القرار والاتصال والتقويم: التخطيط والاشراف التربوي، اتخاذ القرار والاتصال والتقويم، ادارة النظام التعليمي السعودي وبعض مشكلاته واقتصاديات التعليم: بعض مشكلات الادارة التربوية في المملكة واقتصاديات التعليم،
653 _aاتخاذ القرارات
653 _aالادارة العامة
653 _aتقييم الأداء
942 _cكتاب
999 _c41800
_d41800